| 000 | 01698nam0a2200349 4500 | ||
|---|---|---|---|
| 001 | RU\NLR\ONL2\14568 | ||
| 005 | 20250613131308.0 | ||
| 010 |
_a978-5-87730-391-1 _9500 |
||
| 035 | _a(NLR Aleph) 009662153 | ||
| 090 |
_a9618900 _c9618900 |
||
| 100 | _a20090820d2009 |||y0rusy50 ca | ||
| 101 | 0 | _atat | |
| 102 | _aRU | ||
| 105 | _ay ||||||||| | ||
| 200 | 1 |
_aЭмирхан Еники: эдипнен тормыш hэм ижат юлы _eмонография _e(язучынын 100 еллыгына багышлана) _fФэрит Хатипов, Рифат Сверигин _gРФ мэгариф hэм фэн м-лыгы. Югары hөнэри белем биру дэулэт мэгариф учреждениесе "Татар дэулэт гуманитар-педагогика университеты" |
|
| 210 |
_aКазан _cТДГПУ _d2009 |
||
| 215 |
_a114 б. _d21 |
||
| 320 | _aБиблиогр.: с. 100-113. | ||
| 541 | 1 |
_6z01790 _aАмирхан Еники _eмонография. _zrus |
|
| 600 | 0 | 1 |
_aЕники _bЭ. _f1909-2000 _gЭмирхан _2psbo |
| 606 | 0 |
_aТатарская литература _xИстория _92175405 _3RU\NLR\auth-onl\6689 |
|
| 686 | 1 | _aШ5(2=Тат)7-4Еники Э.4 | |
| 700 | 1 |
_aХатипов _bФ. М. _gФэрит Миргалим улы _4070 |
|
| 701 | 1 |
_aСверигин _bР. Х. _gРифат Хэсэн улы _4070 |
|
| 790 | 1 |
_6z01541 _aХатипов _bФ. М. _cд-р филол. н., проф. _gФарит Миргалимович _4070 |
|
| 801 | 0 |
_aRU _bNLR _c20090820 _gPSBO |
|
| 852 |
_aNLR _bОНЛ _jТатар./3-13714 |
||
| 942 | _cBOOK | ||
| 980 | _aNB | ||
| 980 | _aONL_RF | ||